Nascar Truck Series Most Popular Driver - Statistics

General Stats
  • This quiz has been taken 16 times
  • The average score is 7 of 26
Answer Stats
Year(s) Driver % Correct
2000 Greg Biffle
64%
2021-2023 Hailie Deegan
64%
1997 Ron Hornaday Jr.
64%
2005 Ron Hornaday Jr.
64%
2018 Noah Gragson
55%
2020 Zane Smith
55%
2017 Chase Briscoe
45%
2024 Rajah Caruth
45%
2019 Ross Chastain
36%
2016 Tyler Reddick
36%
2003 Brendan Gaughan
27%
2014 Ryan Blaney
27%
2002 David Starr
18%
2001 Joe Ruttman
18%
2015 John Hunter Nemecheck
18%
2009 Ricky Carmichael
18%
2011 Austin Dillon
9%
1995 Butch Miller
9%
1999 Dennis Setzer
9%
1996 Jimmy Hensley
9%
2006-2008 Johnny Benson Jr.
9%
2010 Narian Karthikeyan
9%
2012 Nelson Piquet Jr.
9%
1998 Stacy Compton
9%
2004 Steve Park
9%
2013 Ty Dillon
9%
No matching quizzes found
Score Distribution
Percent of People with Each Score
Percentile by Number Answered
Your Score History
You have not taken this quiz